000 00764nas a2200265 4500
001 BR9002287
003 BR-BrBNA
005 20231205091848.0
007 ta
008 230509b bl.|||p| |||| 00| 00por d
040 _aBR-BrBNA
_bpor
_cBiblioteca Nacional de Agricultura
041 _a(Pt)
072 _aP32; P33; P40
100 1 _aLeao, A.C.
245 1 _aClasses de solos para dende no sudeste da Bahia
650 _aDENDE
650 _aSOLO
650 _aCLASSIFICACAO DO SOLO
650 _aPROPRIEDADE FISICO-QUIMICA
650 _aCLIMA
650 _aBAHIA
773 0 _tPesquisa Agropecuaria Brasileira (Brazil)
_xISSN 0100-204X
_g(Apr 1990), v. 25(4) p. 587-597
_wBR9002287
909 _a202311
_bLúcia
_c55
_dLúcia Elande
942 _2AGRIS
_n0
_cANA
999 _c127812
_d127812